00300pab a2200121 454500008004000000100002000040245005100060260000900111300000800120362000900128650002500137773001600162180718b1987 xxu||||| |||| 00| 0 eng d aNajmi, Mohammad aIndian law of criminal conspiracy - a critique c1987 a4-7 aMar. aCriminal Law - India aCBI Bullein